| 000 | 00655nam a22002177a 4500 | ||
|---|---|---|---|
| 999 |
_c15235 _d15235 |
||
| 003 | AR-CdUCM | ||
| 008 | 190426b ||||| |||| 00| 0 spa d | ||
| 040 |
_aMUNICIPALIDAD PROVINCIAL DEL CUSCO _cBIBLIOTECA MUNICIPAL DEL CUSCO |
||
| 082 |
_aES / 808 / _bV64 |
||
| 100 |
_aVigil, Constancio C. _934275 |
||
| 245 | _aChicharron / | ||
| 260 |
_aBuenos Aires : _bAtlanta, _c1956. |
||
| 300 |
_bIlustraciones, _c26 cm. |
||
| 500 | _aCuentos e historias | ||
| 505 | _aContenido : Cuentos e historias. | ||
| 650 |
_aCuentos _9312 |
||
| 650 |
_aLiteratura infantil _9588 |
||
| 650 |
_aHistorias _92725 |
||
| 942 |
_2ddc _cLIBROS |
||
| 945 |
_apjha _d2019-04-26 |
||